MyGZULibrary

Text and corpus analysis : (Record no. 3875)

MARC details
000 -LEADER
fixed length control field 01235pam a2200325 a 4500
001 - CONTROL NUMBER
control field 3979727
003 - CONTROL NUMBER IDENTIFIER
control field GZU
005 - DATE AND TIME OF LATEST TRANSACTION
control field 20210310105411.0
008 - FIXED-LENGTH DATA ELEMENTS--GENERAL INFORMATION
fixed length control field 950629s1996 enk b 001 0 eng
010 ## - LIBRARY OF CONGRESS CONTROL NUMBER
LC control number 95031070
020 ## - INTERNATIONAL STANDARD BOOK NUMBER
International Standard Book Number 0631195114 (acidfree paper)
020 ## - INTERNATIONAL STANDARD BOOK NUMBER
International Standard Book Number 0631195122 (pbk. : acidfree paper)
040 ## - CATALOGING SOURCE
Original cataloging agency DLC
Transcribing agency DLC
Modifying agency DLC
050 00 - LIBRARY OF CONGRESS CALL NUMBER
Classification number P302
Item number .STU 1996
082 00 - DEWEY DECIMAL CLASSIFICATION NUMBER
Classification number 401/.41
Edition number 20
100 1# - MAIN ENTRY--PERSONAL NAME
Personal name Stubbs, Michael,
Dates associated with a name 1947-
245 10 - TITLE STATEMENT
Title Text and corpus analysis :
Remainder of title computer-assisted studies of language and culture /
Statement of responsibility, etc. Michael Stubbs.
260 ## - PUBLICATION, DISTRIBUTION, ETC.
Place of publication, distribution, etc. Oxford, OX, UK ;
-- Cambridge, Mass., USA :
Name of publisher, distributor, etc. Blackwell Publishers,
Date of publication, distribution, etc. c1996.
300 ## - PHYSICAL DESCRIPTION
Extent xix, 267 p. ;
Dimensions 23 cm.
490 1# - SERIES STATEMENT
Series statement Language in society ;
Volume/sequential designation 23
504 ## - BIBLIOGRAPHY, ETC. NOTE
Bibliography, etc. note Includes bibliographical references (p. [245]-258) and indexes.
650 #0 - SUBJECT ADDED ENTRY--TOPICAL TERM
Topical term or geographic name entry element Discourse analysis.
650 #0 - SUBJECT ADDED ENTRY--TOPICAL TERM
Topical term or geographic name entry element Discourse analysis
General subdivision Data processing.
650 #0 - SUBJECT ADDED ENTRY--TOPICAL TERM
Topical term or geographic name entry element Language and culture.
650 #0 - SUBJECT ADDED ENTRY--TOPICAL TERM
Topical term or geographic name entry element English language
General subdivision Modality.
830 #0 - SERIES ADDED ENTRY--UNIFORM TITLE
Uniform title Language in society (Oxford, England) ;
Volume/sequential designation 23.
906 ## - LOCAL DATA ELEMENT F, LDF (RLIN)
a 7
b cbc
c orignew
d 1
e ocip
f 19
g y-gencatlg
942 ## - ADDED ENTRY ELEMENTS (KOHA)
Source of classification or shelving scheme Library of Congress Classification
Koha item type Books
Classification part 302
Item part STU
Call number prefix P
Holdings
Withdrawn status Lost status Damaged status Not for loan Collection code Home library Current library Shelving location Date acquired Total Checkouts Full call number Barcode Date last seen Copy number Price effective from Koha item type Inventory number
        Non-fiction City Campus Library City Campus Library General Stacks 03/10/2021   P302STU1996 G21078 03/10/2021 c.1 03/10/2021 Books  
        Non-fiction Mashava Campus Library Mashava Campus Library General Stacks 05/19/2021   P302 STU 1996 G21142 05/19/2021 c.2 05/19/2021 Books G21142
        Non-fiction Mashava Campus Library Mashava Campus Library General Stacks 05/19/2021   P302 STU 1996 G21143 05/19/2021 c.3 05/19/2021 Books G21143
        Non-fiction Mashava Campus Library Mashava Campus Library General Stacks 05/19/2021   P302 STU 1996 G21158 05/19/2021 c.4 05/19/2021 Books G21158